Manual de Oftalmología / (Record no. 71907)

MARC details
000 -LEADER
campo de control de longitud fija 00617nam a2200181 i 4500
001 - NÚMERO DE CONTROL
campo de control 71907
003 - IDENTIFICADOR DE NÚMERO DE CONTROL
campo de control ES-MaACL
005 - FECHA Y HORA DE LA ÚLTIMA TRANSACCIÓN
campo de control 20230906171252.0
007 - CAMPO FIJO DE DESCRIPCIÓN FÍSICA--INFORMACIÓN GENERAL
campo de control de longitud fija t|
008 - DATOS DE LONGITUD FIJA--INFORMACIÓN GENERAL
campo de control de longitud fija 040820s1961 sp ||||1| spa d
100 1# - ENTRADA PRINCIPAL--NOMBRE DE PERSONA
Nombre de persona Gifford, Sanford R.
9 (RLIN) 56702
245 10 - MENCIÓN DEL TÍTULO
Título Manual de Oftalmología /
Mención de responsabilidad, etc. por Sanford R. Gifford ; renovado por Francis Heed Adler : traducción por Fermín Galíndez Iglesias.
260 ## - PUBLICACIÓN, DISTRIBUCIÓN, ETC.
Lugar de publicación, distribución, etc. Madrid :
Nombre del editor, distribuidor, etc. Espasa-Calpe,
Fecha de publicación, distribución, etc. 1961.
300 ## - DESCRIPCIÓN FÍSICA
Extensión XVI, 609 p. :
Otras características físicas il. ;
Dimensiones 21 cm.
700 1# - ENTRADA AGREGADA--NOMBRE PERSONAL
Nombre de persona Adler, Francis Heed.
9 (RLIN) 18444
700 1# - ENTRADA AGREGADA--NOMBRE PERSONAL
Nombre de persona Galíndez Iglesias, Fermín.
9 (RLIN) 53425
852 ## - LOCALIZACIÓN
Ubicación ES-MaACL
Número de control de estantería C-20516
Sublocalización o colección R.48790
Holdings
Estatus retirado Estado de pérdida Estado de daño No para préstamo Biblioteca de origen Biblioteca actual Ubicación en estantería Fecha de adquisición Fuente de adquisición Total de préstamos Signatura topográfica completa Código de barras Visto por última vez Precio de reemplazo Tipo de ítem Koha
        Biblioteca del Ateneo de Madrid Biblioteca del Ateneo de Madrid Galería 17/01/2008     C-20516 1075275 23/02/2023 23/02/2023 Libro impreso